| 000 | 00816cab a2200241 4500 | ||
|---|---|---|---|
| 001 | ABS56628 | ||
| 008 | 090401t1997 xxu||||| |||| 00| 0 eng d | ||
| 035 | _a(Sirsi) u24922 | ||
| 041 | _aeng | ||
| 100 | _aPilkington, L. | ||
| 245 | _aFor what it`s worth | ||
| 260 | _c1997 | ||
| 350 | _a0 | ||
| 490 |
_aEstates Gazette _v(9706) 8 february 1997, 139-141(3) |
||
| 520 | _aReports on the main findings of the latest EG/Reuter Simkin salary survey. The survey reveals that the average salary rose by 2.5% during 1996 and that the investment sector continues to command the highest salaries. | ||
| 650 | _aGENERAL PRACTICE | ||
| 650 | _aSALARIES | ||
| 650 | _aSALARY SURVEYS | ||
| 650 | _aSURVEYORS | ||
| 690 | _aMANAGEMENT-BUSINESS MANAGEMENT-PROFESSIONAL PRACTICE | ||
| 942 | _n0 | ||
| 948 | _c04/03/1997 | ||
| 999 |
_c16714 _d16714 |
||